00578nam a22001697a 4500020001800000040000900018082001900027100002100046245002300067250001700090260002400107650003000131942001200161999001900173952010800192952010800300 a9780582236325 cNust a621.433bCOH'G aH Chohen9127124 aGas Turbine theory a4th Edition  aUK:bLogman,c1996. aGas Turbine theory961700 2ddccBK c612405d612405 00102ddc4070aCEMEbCEMEcGENd2024-12-13l0o621.433 COH'GpCEME- 30076r2024-12-13w2024-12-13yBK 00102ddc4070aCEMEbCEMEcGENd2024-12-13l0o621.433 COH'GpCEME- 30335r2024-12-13w2024-12-13yBK